| 000 | 00544nam a22001817a 4500 | ||
|---|---|---|---|
| 005 | 20170619105350.0 | ||
| 010 | _aENG-118742 | ||
| 020 |
_a9788179104668 _c850.00 |
||
| 035 | _aEN-102274 | ||
| 037 | _bDBAD/PUB | ||
| 082 | _a300.72 | ||
| 100 | _aDwivedi, Harshit | ||
| 245 |
_aResearch methodology in social science / _cby Harshit Dwivedi |
||
| 260 |
_aJaipur _bAavishkar Publishers _c2014 |
||
| 270 |
_a807, Vyas Building, Chaura Rasta _bJaipur _e302003 |
||
| 300 |
_a212p. _c22cm(Hbk) |
||
| 942 |
_2ddc _cEN _h300.72 _mDWI |
||
| 999 |
_c141282 _d141282 |
||